Ximôn Phrớt

Viết về cuộc sống và sự nghiệp của nhà tâm lý học Ximôn Phrớt: Từ những năm tháng đầy biến động, gia thế, thời niên thiếu, thời trưởng thành cho đến những lý do dẫn đến sự lựa chọn nghề nghiệp của ông và những năm tháng cuối đời của ông. Những lý luận chính của ông về phân tâm học, bản năng, tâm lý...

Full beskrivning

Sparad:
Bibliografiska uppgifter
Huvudupphovsman: Diệp Mạnh Lý
Övriga upphovsmän: Quang Lâm (dịch), Dương Vũ (h.đính)
Materialtyp: Bok
Språk:Vietnamese
Publicerad: Huế Nxb. Thuận Hoá ; Trung tâm Văn hoá Ngôn ngữ Đông Tây 2005
Serie:Tủ sách Triết học Đông Tây
Ämnen:
Taggar: Lägg till en tagg
Inga taggar, Lägg till första taggen!
Thư viện lưu trữ: Mạng thư viện Đại học Đà Nẵng
LEADER 01816nam a2200397 4500
001 000006073
003 2227
005 20110831090811.0
008 110831s2005 viesd
020 |c 31000đ 
041 0 |a vie 
082 |a 193  |b DI-L 
100 0 |a Diệp Mạnh Lý 
245 0 |a Ximôn Phrớt  |c Diệp Mạnh Lý ; Quang Lâm dịch ; Dương Vũ h.đính 
260 |a Huế  |b Nxb. Thuận Hoá ; Trung tâm Văn hoá Ngôn ngữ Đông Tây  |c 2005 
300 |a 311 tr  |c 19 cm 
490 |a Tủ sách Triết học Đông Tây 
500 |a Dịch từ: Hiện đại thế giới thập đại tư tưởng gia 
520 |a Viết về cuộc sống và sự nghiệp của nhà tâm lý học Ximôn Phrớt: Từ những năm tháng đầy biến động, gia thế, thời niên thiếu, thời trưởng thành cho đến những lý do dẫn đến sự lựa chọn nghề nghiệp của ông và những năm tháng cuối đời của ông. Những lý luận chính của ông về phân tâm học, bản năng, tâm lý cũng như sự phát triển nhân cách của con người. 
653 |a Nhà tâm lí học 
653 |a Phrớt, X. 
653 |a Cuộc đời 
653 |a Sự nghiệp 
700 |a Quang Lâm  |e dịch 
700 |a Dương Vũ  |e h.đính 
910 |a Nguyễn Thị Kim Oanh  |d 31/08/2011 
OWN |a LSP 
AVA |a UDN50  |b LSP  |d 193 DI-L  |e available  |t Error 5001 Not defined in file expand_doc_bib_avail.  |f 5  |g 0  |h N  |i 0  |k 1 
999 |a From the UDN01 
AVA |a UDN50  |b LSP  |d 193 DI-L  |e available  |t Error 5001 Not defined in file expand_doc_bib_avail.  |f 5  |g 0  |h N  |i 0  |k 1 
TYP |a Monograph 
TYP |a Printed language 
980 |a Mạng thư viện Đại học Đà Nẵng